Bharatiya Arthaniti -I (Record no. 11443)

MARC details
000 -LEADER
fixed length control field 00459nam a22001817a 4500
005 - DATE AND TIME OF LATEST TRANSACTION
control field 20221114105218.0
008 - FIXED-LENGTH DATA ELEMENTS--GENERAL INFORMATION
fixed length control field 221114b ||||| |||| 00| 0 eng d
040 ## - CATALOGING SOURCE
Original cataloging agency IN-DiNC
Transcribing agency IN-DiNC
041 ## - LANGUAGE CODE
Language code of sung or spoken text Assamese
082 ## - DEWEY DECIMAL CLASSIFICATION NUMBER
Classification number 330.954
100 ## - MAIN ENTRY--PERSONAL NAME
Personal name Ahmed Rafique
Relator term Author
245 ## - TITLE STATEMENT
Title Bharatiya Arthaniti -I
Statement of responsibility, etc. by Rafique Ahmed
250 ## - EDITION STATEMENT
Edition statement 1st ed.
260 ## - PUBLICATION, DISTRIBUTION, ETC.
Place of publication, distribution, etc. Jorhat
Name of publisher, distributor, etc. Unika parkashan
Date of publication, distribution, etc. 2022
300 ## - PHYSICAL DESCRIPTION
Extent 240p.
650 ## - SUBJECT ADDED ENTRY--TOPICAL TERM
Topical term or geographic name entry element indian economy -I
942 ## - ADDED ENTRY ELEMENTS (KOHA)
Source of classification or shelving scheme Dewey Decimal Classification
Koha item type Books
Holdings
Withdrawn status Lost status Source of classification or shelving scheme Damaged status Not for loan Collection code Home library Current library Shelving location Date acquired Cost, normal purchase price Total Checkouts Full call number Barcode Date last seen Date last checked out Copy number Price effective from Koha item type
    Dewey Decimal Classification     Economics Naharkatiya College Library Naharkatiya College Library General Stacks 14/11/2022 300.00 24 330.954 29143 16/09/2025 04/09/2025 1 14/11/2022 Books
    Dewey Decimal Classification     Economics Naharkatiya College Library Naharkatiya College Library General Stacks 14/11/2022 300.00 18 330.954 29144 15/09/2025 04/09/2025 2 14/11/2022 Books
    Dewey Decimal Classification     Economics Naharkatiya College Library Naharkatiya College Library General Stacks 14/11/2022 300.00 23 330.954 29145 13/08/2025 03/07/2025 3 14/11/2022 Books

Naharkatiya College © 2020. All rights reserved.

Powered By